Central Library OPAC University of Rajshahi

Lectures on labour problems & social welfare in India / (Record no. 3338)

MARC details
000 -LEADER
fixed length control field 00779nam a2200265 a 4500
001 - CONTROL NUMBER
control field 3338
003 - CONTROL NUMBER IDENTIFIER
rucl marc code BD-RjUL
005 - DATE AND TIME OF LATEST TRANSACTION
control field 20211208233720.0
008 - FIXED-LENGTH DATA ELEMENTS--GENERAL INFORMATION
fixed length control field 131218s1971 ii bs 000 0 eng
035 ## - SYSTEM CONTROL NUMBER
System control number (BD-RjUL)3372
040 ## - CATALOGING SOURCE
Original cataloging agency DLC
Transcribing agency DLC
Modifying agency DLC
-- BD-RjUL
Language of cataloging eng
041 ## - LANGUAGE CODE
Language code of text/sound track or separate title eng
082 00 - DEWEY DECIMAL CLASSIFICATION NUMBER
Classification number 331.0954
Author mark and year AVL 1971
Edition number 23
100 1# - MAIN ENTRY--PERSONAL NAME
Personal name Avtar, Ram ,
Dates associated with a name 1937-
9 (RLIN) 10499
245 10 - TITLE STATEMENT
Title Lectures on labour problems & social welfare in India /
Statement of responsibility, etc. by Ram Avtar.
260 ## - PUBLICATION, DISTRIBUTION, ETC. (IMPRINT)
Place of publication, distribution, etc. Jullundur :
Name of publisher, distributor, etc. New Academic Pub. Co.,
Date of publication, distribution, etc. 1971.
300 ## - PHYSICAL DESCRIPTION
Pagination viii, 320 p. ;
Size 22 cm.
350 ## - PRICE (NR) (BK AM CF MU VM SE) [OBSOLETE]
Price Rs12.50
504 ## - BIBLIOGRAPHY, ETC. NOTE
Bibliography, etc Bibliography: p. 318-319.
650 #0 - SUBJECT ADDED ENTRY--TOPICAL TERM
Topical term or geographic name as entry element Labor
Geographic subdivision India.
9 (RLIN) 10500
Topical term or geographic name as entry element Working Class
Geographic subdivision India.
9 (RLIN) 10501
Topical term or geographic name as entry element Labor policy
Geographic subdivision India.
9 (RLIN) 10502
942 ## - ADDED ENTRY ELEMENTS (KOHA)
Source of classification or shelving scheme Dewey Decimal Classification
Koha item type Books
Holdings
Lost status Source of classification or shelving scheme Damaged status Not for loan Collection code Permanent Location Current Location Shelving location Date acquired Source of acquisition Cost, normal purchase price Total Checkouts Full call number Date last seen Copy number Koha item type
  Dewey Decimal Classification     Non-fiction Central Library, University of Rajshahi Central Library, University of Rajshahi   18/04/1974 Book centre 15.62   331.0954 AVL 1971 18/12/2013 C-2 Books
  Dewey Decimal Classification     Non-fiction Central Library, University of Rajshahi Central Library, University of Rajshahi   14/07/1973 Book centre 15.62   331.0954 AVL 1971 20/09/2016 C-3 Books